[Event "Mercredi 2022.10.05 ABCD"]
[Site "Montreal CAN"]
[Date "2022.10.05"]
[Round "1"]
[White "Beaulieu, Pierre"]
[Black "Cote, Etienne"]
[Result "1-0"]
[WhiteElo "1850"]
[BlackElo "1832"]
[PlyCount "145"]
[EventDate "2022.10.05"]
[EventType "tourn"]
[EventRounds "5"]
[EventCountry "CAN"]

1. Nf3 Nf6 2. g3 g6 3. Bg2 Bg7 4. c4 d6 5. Nc3 O-O 6. d3 e5 7. Bg5 h6 8. Bxf6
Qxf6 9. Qc2 c6 10. Nd2 Na6 11. a3 Be6 12. O-O Qe7 13. e3 Qd7 14. b4 Bh3 15.
Bxh3 Qxh3 16. f4 Nc7 17. Rae1 exf4 18. exf4 Rad8 19. Nf3 Ne6 20. Ne4 Qg4 21.
Qg2 Nd4 22. Nh4 Rfe8 23. h3 Qd7 24. g4 f5 25. gxf5 gxf5 26. Ng3 Qf7 27. Kh1 Kh7
28. Nf3 Rg8 29. Nxd4 Bxd4 30. Qf3 Qf6 31. Re2 Rg6 32. Rfe1 Rdg8 33. Re7+ Kh8
34. Re8 Rxe8 35. Rxe8+ Kh7 36. Ne2 Bb6 37. Qh5 Qf7 38. Rb8 Rg1+ 39. Nxg1 Qxh5
40. Rxb7+ Kg6 41. Rd7 Qd1 42. Rxd6+ Kh5 43. c5 Bc7 44. Rd4 Kh4 45. Kg2 Qd2+ 46.
Kf3 Qh2 47. Ne2 Qxh3+ 48. Kf2 Kg4 49. Rd7 Bxf4 50. Rd4 Qe3+ 51. Kf1 Qf3+ 52.
Ke1 h5 53. Rxf4+ Qxf4 54. Nxf4 Kxf4 55. b5 Ke5 56. bxc6 Ke6 57. Kf2 h4 58. Kf3
Ke7 59. d4 Kd8 60. a4 Kc7 61. d5 Kc8 62. a5 Kc7 63. a6 Kc8 64. d6 Kd8 65. Kf4
Kc8 66. c7 Kd7 67. c6+ Kc8 68. Kxf5 h3 69. Ke6 h2 70. Ke7 h1=Q 71. d7+ Kxc7 72.
d8=Q+ Kxc6 73. Qa8+ 1-0

[Event "Mercredi 2022.10.05 ABCD"]
[Site "Montreal CAN"]
[Date "2022.10.05"]
[Round "1"]
[White "Genzling, Jerome"]
[Black "Chapdelaine, Gwyn"]
[Result "0-1"]
[WhiteElo "1992"]
[BlackElo "1889"]
[PlyCount "90"]
[EventDate "2022.10.05"]
[EventType "tourn"]
[EventRounds "5"]
[EventCountry "CAN"]

1. e4 e5 2. Nf3 Nc6 3. d4 exd4 4. Bc4 Nf6 5. e5 d5 6. Bb5 Ne4 7. Nxd4 Bd7 8.
Bxc6 bxc6 9. O-O Be7 10. f3 Nc5 11. Be3 O-O 12. Nd2 Na4 13. b3 Nc3 14. Qe1 c5
15. Ne2 Nxe2+ 16. Qxe2 Re8 17. c3 Bf5 18. Qf2 Qd7 19. f4 Qc6 20. Rad1 Rad8 21.
Nf3 h6 22. h3 Bf8 23. Nh4 Be6 24. Qg3 Rd7 25. f5 Red8 26. f6 g6 27. Nf5 Bxf5
28. Rxf5 d4 29. cxd4 cxd4 30. Bd2 Qc2 31. Rff1 Re8 32. Rfe1 Qf5 33. Bf4 g5 34.
Bc1 Rd5 35. h4 Rexe5 36. Rf1 Qg6 37. hxg5 hxg5 38. Qg4 d3 39. Qc8 Re2 40. Ba3
Qh6 41. Rf3 g4 42. Rfxd3 Rxd3 43. Rxd3 Re6 44. Rg3 Re1+ 45. Kf2 Qd2# 0-1

[Event "Mercredi 2022.10.05 ABCD"]
[Site "Montreal CAN"]
[Date "2022.10.05"]
[Round "1"]
[White "Have, Didier"]
[Black "Jacquet, Stephane"]
[Result "1-0"]
[WhiteElo "1998"]
[BlackElo "2071"]
[PlyCount "65"]
[EventDate "2022.10.05"]
[EventType "tourn"]
[EventRounds "5"]
[EventCountry "CAN"]

1. d4 d6 2. Nf3 g6 3. e4 Bg7 4. Nc3 Nf6 5. Bf4 O-O 6. Qd2 a6 7. Bd3 Nc6 8. Bh6
e5 9. dxe5 Nxe5 10. Nxe5 dxe5 11. O-O-O b5 12. h4 b4 13. Na4 Bxh6 14. Qxh6 Qe7
15. b3 Be6 16. f3 a5 17. h5 Rfd8 18. Qg5 Nd5 19. Qxe5 f6 20. Qh2 Nc3 21. hxg6
Nxd1 22. Kxd1 Rd7 23. Qh4 Rad8 24. Ke2 Qg7 25. Nc5 Qxg6 26. Nxe6 Qxg2+ 27. Ke3
Re8 28. Nf4 Qg7 29. Rh3 Qg1+ 30. Ke2 Rg7 31. Bc4+ Kh8 32. Qxf6 Qc1 33. Ng6# 1-0

[Event "Mercredi 2022.10.05 ABCD"]
[Site "Montreal CAN"]
[Date "2022.10.05"]
[Round "1"]
[White "Leveille, Francois"]
[Black "Cardin, Guillaume"]
[Result "1-0"]
[WhiteElo "2325"]
[BlackElo "2133"]
[PlyCount "71"]
[EventDate "2022.10.05"]
[EventType "tourn"]
[EventRounds "5"]
[EventCountry "CAN"]

1. Nf3 d5 2. d4 Nf6 3. c4 c6 4. Nc3 e6 5. Bg5 Nbd7 6. e3 Qa5 7. cxd5 Nxd5 8.
Qd2 Bb4 9. Rc1 Nxc3 10. bxc3 Ba3 11. Rb1 b6 12. Bd3 Ba6 13. O-O Bxd3 14. Qxd3
O-O 15. Qe4 Qd5 16. Qh4 e5 17. e4 Qe6 18. Rfd1 Rfe8 19. d5 cxd5 20. exd5 Qd6
21. Nd2 Rac8 22. Qa4 Bc5 23. Ne4 Qg6 24. d6 Qf5 25. Be7 a6 26. Re1 b5 27. Qxa6
Ra8 28. Qxb5 Rxa2 29. Rb2 Rxb2 30. Qxb2 Rb8 31. Qa2 Qf4 32. Nxc5 Nxc5 33. Qa7
Nd7 34. Qxd7 Qe4 35. Qd8+ Rxd8 36. Rxe4 1-0

[Event "Mercredi 2022.10.05 ABCD"]
[Site "Montreal CAN"]
[Date "2022.10.05"]
[Round "1"]
[White "Rodrigue-Lemieux, Shawn"]
[Black "Latorre, Vincent"]
[Result "1-0"]
[WhiteElo "2498"]
[BlackElo "2101"]
[PlyCount "127"]
[EventDate "2022.10.05"]
[EventType "tourn"]
[EventRounds "5"]
[EventCountry "CAN"]

1. a3 e5 2. c3 d5 3. d4 exd4 4. cxd4 Bd6 5. Nc3 c6 6. Nf3 h6 7. g3 Nf6 8. Bf4
O-O 9. Qc2 Re8 10. Bg2 a5 11. O-O Qe7 12. e3 Nbd7 13. Nh4 Nf8 14. Bxd6 Qxd6 15.
Rae1 Be6 16. h3 Rac8 17. g4 c5 18. dxc5 Qxc5 19. Rc1 Ne4 20. Qd3 Nxc3 21. Rxc3
Qb6 22. Rb3 Qd8 23. Nf5 d4 24. Rxb7 Bc4 25. Qxd4 Qxd4 26. exd4 Bxf1 27. Bxf1
Rb8 28. Ra7 Ra8 29. Ne7+ Kh8 30. Rxa8 Rxa8 31. Nc6 Ne6 32. d5 Nd8 33. Kg2 Nb7
34. Kf3 Re8 35. Ba6 Nd6 36. Bd3 Nb7 37. b4 axb4 38. axb4 Re1 39. Be2 Nd6 40.
Ke3 f5 41. gxf5 Nxf5+ 42. Kd3 g6 43. Bg4 Nd6 44. Kd4 h5 45. Be6 Nb7 46. Kc4 g5
47. f3 Re3 48. Nd4 Re1 49. Kb5 Rc1 50. Nf5 Rc3 51. Kb6 Nd8 52. Bd7 Rxf3 53. Kc7
Nf7 54. b5 Ne5 55. Be6 Rc3+ 56. Kd6 Nc4+ 57. Kc5 g4 58. hxg4 hxg4 59. d6 g3 60.
Nxg3 Nb2+ 61. Kb6 Rxg3 62. d7 Rd3 63. Kc6 Kg7 64. Bd5 1-0

[Event "Mercredi 2022.10.05 ABCD"]
[Site "Montreal CAN"]
[Date "2022.10.05"]
[Round "1"]
[White "San Roman, Oscar"]
[Black "Sekki, Abderaouf"]
[Result "1-0"]
[WhiteElo "1830"]
[BlackElo "1881"]
[PlyCount "25"]
[EventDate "2022.10.05"]
[EventType "tourn"]
[EventRounds "5"]
[EventCountry "CAN"]

1. e4 d6 2. d4 Nf6 3. Nc3 Nbd7 4. f4 e5 5. fxe5 dxe5 6. dxe5 Nxe5 7. Qxd8+ Kxd8
8. Bf4 Bd6 9. O-O-O Ke8 10. Bb5+ Kf8 11. Bxe5 Bxe5 12. Rd8+ Ke7 13. Rxh8 1-0

[Event "Mercredi 2022.10.05 ABCD"]
[Site "Montreal CAN"]
[Date "2022.10.05"]
[Round "1"]
[White "Singher, Jean-Pierre"]
[Black "Di Matteo, Alessio"]
[Result "1-0"]
[WhiteElo "1977"]
[BlackElo "1973"]
[PlyCount "89"]
[EventDate "2022.10.05"]
[EventType "tourn"]
[EventRounds "5"]
[EventCountry "CAN"]

1. Nf3 Nf6 2. e3 e6 3. Be2 d5 4. O-O c5 5. d4 Nc6 6. a3 Be7 7. dxc5 Bxc5 8. c4
O-O 9. b4 Be7 10. Bb2 a6 11. Nbd2 Bd7 12. Rc1 Rc8 13. cxd5 exd5 14. Qb3 Be6 15.
Nd4 Nxd4 16. Bxd4 Ne4 17. Rxc8 Qxc8 18. Nxe4 dxe4 19. Qb2 f6 20. Rc1 Qd7 21.
Qc2 Rc8 22. Qxc8+ Qxc8 23. Rxc8+ Bxc8 24. Bc4+ Kf8 25. Bd5 f5 26. Kf1 Bd6 27.
h3 h5 28. h4 g6 29. Ke2 Ke7 30. g3 a5 31. Bc5 axb4 32. axb4 Bxc5 33. bxc5 Kf6
34. Kd2 Ke5 35. Bf7 Kf6 36. Be8 Be6 37. Kc3 Bd5 38. Kb4 Bc6 39. Bxc6 bxc6 40.
Ka5 Ke5 41. Ka6 Ke6 42. Kb7 Kd5 43. Kb6 g5 44. hxg5 f4 45. g6 1-0

[Event "Mercredi 2022.10.05 ABCD"]
[Site "Montreal CAN"]
[Date "2022.10.12"]
[Round "2"]
[White "Beaulieu, Pierre"]
[Black "San Roman, Oscar"]
[Result "1-0"]
[WhiteElo "1850"]
[BlackElo "1830"]
[PlyCount "57"]
[EventDate "2022.10.05"]
[EventType "tourn"]
[EventRounds "5"]
[EventCountry "CAN"]

1. Nf3 Nf6 2. g3 c5 3. c4 Nc6 4. Bg2 e6 5. O-O d5 6. cxd5 exd5 7. d4 Be6 8. Nc3
Qd7 9. Qa4 Nxd4 10. Qxd7+ Kxd7 11. Ne5+ Ke8 12. Bg5 Be7 13. Nd3 Rd8 14. Bxf6
gxf6 15. Nf4 b6 16. e3 Nc2 17. Rac1 Nb4 18. a3 d4 19. Nb5 Na6 20. Bb7 Nb8 21.
exd4 Bd7 22. Nc7+ Kf8 23. dxc5 Bxc5 24. Rfd1 Kg7 25. b4 Bc8 26. Rxd8 Rxd8 27.
bxc5 Bxb7 28. Nce6+ fxe6 29. Nxe6+ 1-0

[Event "Mercredi 2022.10.05 ABCD"]
[Site "Montreal CAN"]
[Date "2022.10.12"]
[Round "2"]
[White "Cote, Etienne"]
[Black "Allaire, Denis"]
[Result "1-0"]
[WhiteElo "1832"]
[BlackElo "1727"]
[PlyCount "37"]
[EventDate "2022.10.05"]
[EventType "tourn"]
[EventRounds "5"]
[EventCountry "CAN"]

1. e4 e5 2. Bc4 Nf6 3. d4 exd4 4. Nf3 Bc5 5. Bg5 d6 6. Nxd4 O-O 7. Nc3 a6 8.
O-O Bg4 9. f3 Be6 10. Nd5 Nbd7 11. Kh1 Bxd5 12. Bxd5 c6 13. Bb3 Re8 14. Nf5 Nf8
15. Qd2 Ne6 16. Rad1 Qd7 17. Bxf6 gxf6 18. Qh6 Kh8 19. Qxf6+ 1-0

[Event "Mercredi 2022.10.05 ABCD"]
[Site "Montreal CAN"]
[Date "2022.10.12"]
[Round "2"]
[White "Di Matteo, Alessio"]
[Black "Chapdelaine, Gwyn"]
[Result "1/2-1/2"]
[WhiteElo "1973"]
[BlackElo "1889"]
[PlyCount "155"]
[EventDate "2022.10.05"]
[EventType "tourn"]
[EventRounds "5"]
[EventCountry "CAN"]

1. d4 Nf6 2. c4 e6 3. Nc3 Bb4 4. e3 O-O 5. Bd3 d5 6. cxd5 exd5 7. Nge2 Re8 8.
Bd2 Bxc3 9. Nxc3 c6 10. Qc2 a5 11. O-O Na6 12. a3 Bg4 13. f3 Bh5 14. Ne2 Bg6
15. Bxg6 hxg6 16. Ng3 Nc7 17. Rfe1 Nh5 18. Nxh5 gxh5 19. Qd3 Ne6 20. Rad1 Qh4
21. e4 dxe4 22. Rxe4 Qf6 23. Rde1 Red8 24. Bc3 Rd5 25. Qe3 Rad8 26. Re5 a4 27.
Re2 Qg6 28. Re4 c5 29. dxc5 Nxc5 30. Re8+ Rxe8 31. Qxe8+ Kh7 32. Qe3 b6 33. Qc1
Ne6 34. Qc2 Qxc2 35. Rxc2 Kg6 36. Re2 Nc5 37. Kf2 f6 38. g3 Kf5 39. Re7 g5 40.
Re8 Rd6 41. Rh8 Kg6 42. Rb8 g4 43. fxg4 hxg4 44. Ke3 Kf5 45. Bb4 Re6+ 46. Kd4
Nb3+ 47. Kd3 Nc1+ 48. Kd2 Nb3+ 49. Kd3 Nc1+ 50. Kc2 Nb3 51. Rf8 Re2+ 52. Kd3
Rxh2 53. Bc3 Nc5+ 54. Kc4 Ne4 55. Bd4 Rg2 56. Kb5 Rxg3 57. Kxa4 Rd3 58. Bxb6 g3
59. b4 g2 60. Rg8 Rg3 61. Rxg3 Nxg3 62. b5 Ne2 63. Kb4 Ke6 64. a4 g1=Q 65. Bxg1
Nxg1 66. b6 Kd6 67. Kb5 Ne2 68. Ka6 Nd4 69. Ka7 Nc6+ 70. Ka8 f5 71. b7 f4 72.
a5 f3 73. a6 f2 74. a7 f1=Q 75. b8=Q+ Nxb8 76. axb8=Q+ Kd5 77. Qd8+ Kc5 78.
Qc7+ 1/2-1/2

[Event "Mercredi 2022.10.05 ABCD"]
[Site "Montreal CAN"]
[Date "2022.10.12"]
[Round "2"]
[White "Have, Didier"]
[Black "Beaudry, Marc-Andre"]
[Result "0-1"]
[WhiteElo "1998"]
[BlackElo "2033"]
[PlyCount "62"]
[EventDate "2022.10.05"]
[EventType "tourn"]
[EventRounds "5"]
[EventCountry "CAN"]

1. d4 Nf6 2. Nf3 d5 3. e3 c5 4. dxc5 e6 5. b4 a5 6. c3 axb4 7. cxb4 b6 8. a4
bxc5 9. b5 c4 10. Be2 Bb4+ 11. Bd2 Ba5 12. O-O Nbd7 13. Bxa5 Qxa5 14. Qd2 Bb7
15. Qxa5 Rxa5 16. Nc3 Nc5 17. Nd2 O-O 18. Rfb1 Rfa8 19. Rb4 Nfd7 20. Bxc4 dxc4
21. Nxc4 R5a7 22. a5 Bd5 23. a6 Nd3 24. Rba4 N7c5 25. Nb6 Nxa4 26. Rxa4 Rb8 27.
Nbxd5 exd5 28. Rd4 Nc5 29. Rxd5 Ne6 30. g3 Kf8 31. Na2 Nc7 0-1

[Event "Mercredi 2022.10.05 ABCD"]
[Site "Montreal CAN"]
[Date "2022.10.12"]
[Round "2"]
[White "Jacquet, Stephane"]
[Black "Mok, Yuen Tak"]
[Result "0-1"]
[WhiteElo "2071"]
[BlackElo "1995"]
[PlyCount "64"]
[EventDate "2022.10.05"]
[EventType "tourn"]
[EventRounds "5"]
[EventCountry "CAN"]

1. d4 d5 2. c4 c6 3. Nc3 Nf6 4. Nf3 e6 5. Bg5 dxc4 6. e4 b5 7. e5 h6 8. Bh4 g5
9. Nxg5 hxg5 10. Bxg5 Nbd7 11. g3 Bb7 12. Bg2 Qb6 13. exf6 O-O-O 14. O-O c5 15.
d5 b4 16. Rb1 Qa6 17. dxe6 Bxg2 18. e7 Bxf1 19. Qd5 Re8 20. Ne4 Bh6 21. Nd6+
Kc7 22. Nxe8+ Rxe8 23. Bxh6 Bh3 24. Bf4+ Kb6 25. Qh5 Be6 26. Rd1 Nxf6 27. Rd6+
Kb5 28. Qh4 Qxa2 29. Qxf6 Qb1+ 30. Kg2 Qe4+ 31. f3 Qe2+ 32. Kg1 Bh3 0-1

[Event "Mercredi 2022.10.05 ABCD"]
[Site "Montreal CAN"]
[Date "2022.10.12"]
[Round "2"]
[White "Latorre, Vincent"]
[Black "Adam, Rafael"]
[Result "1/2-1/2"]
[WhiteElo "2101"]
[BlackElo "2216"]
[PlyCount "131"]
[EventDate "2022.10.05"]
[EventType "tourn"]
[EventRounds "5"]
[EventCountry "CAN"]

1. e4 e5 2. Nf3 Nc6 3. Bc4 Bc5 4. c3 Nf6 5. d3 d6 6. Bb3 h6 7. h3 O-O 8. O-O
Be6 9. Re1 Bxb3 10. axb3 a5 11. Nbd2 d5 12. Qe2 Re8 13. Nf1 Qd7 14. Be3 Bxe3
15. Qxe3 Rad8 16. Qe2 Qe6 17. Qc2 dxe4 18. dxe4 Rd7 19. Ng3 Red8 20. Rad1 g6
21. Rxd7 Qxd7 22. Qe2 Qd6 23. Qb5 b6 24. Re2 Qe6 25. Rd2 Rxd2 26. Nxd2 Nd7 27.
Ngf1 Nc5 28. Ne3 Na7 29. Qc4 Qxc4 30. bxc4 Nc8 31. Kf1 h5 32. Ke2 c6 33. b3 f6
34. Nc2 Nd6 35. Ke3 Kf7 36. g3 Ke6 37. f4 a4 38. bxa4 Nxa4 39. Nb4 Kd7 40. fxe5
fxe5 41. Nd3 Nf7 42. c5 b5 43. c4 Ke6 44. cxb5 cxb5 45. Nb3 Kd7 46. Nb4 Ng5 47.
h4 Ne6 48. c6+ Kd6 49. Nd5 Kxc6 50. Ne7+ Kd6 51. Nxg6 Nac5 52. Nxc5 Nxc5 53. g4
hxg4 54. h5 Nd7 55. h6 Nf6 56. Nf8 g3 57. h7 g2 58. Kf2 Nxh7 59. Nxh7 b4 60.
Ng5 b3 61. Nf3 b2 62. Nd2 Kc5 63. Kxg2 Kd4 64. Kf3 Kd3 65. Nb1 Kc2 66. Na3+
1/2-1/2

[Event "Mercredi 2022.10.05 ABCD"]
[Site "Montreal CAN"]
[Date "2022.10.12"]
[Round "2"]
[White "Nunez, Omar"]
[Black "Genzling, Jerome"]
[Result "0-1"]
[WhiteElo "1916"]
[BlackElo "1992"]
[PlyCount "60"]
[EventDate "2022.10.05"]
[EventType "tourn"]
[EventRounds "5"]
[EventCountry "CAN"]

1. Nf3 c5 2. g3 g6 3. Bg2 Bg7 4. O-O Nc6 5. d3 e6 6. e4 Nge7 7. c3 O-O 8. a4
Rb8 9. Na3 a6 10. d4 cxd4 11. Nxd4 d5 12. Nac2 e5 13. exd5 Nxd5 14. Nxc6 bxc6
15. Qe2 Qc7 16. Ne3 Rd8 17. Rd1 Bb7 18. Nc4 a5 19. Bg5 f6 20. Be3 Ba6 21. Bc5
Qf7 22. Bf1 Bf8 23. Bxf8 Qxf8 24. Qg4 Bc8 25. Qe2 Qc5 26. Ne3 Be6 27. Ng4 Bxg4
28. Qxg4 Rxb2 29. Qe6+ Kg7 30. c4 Qxf2+ 0-1

[Event "Mercredi 2022.10.05 ABCD"]
[Site "Montreal CAN"]
[Date "2022.10.25"]
[Round "2"]
[White "Rodrigue-Lemieux, Shawn"]
[Black "Cardin, Guillaume"]
[Result "1-0"]
[WhiteElo "2498"]
[BlackElo "2133"]
[PlyCount "95"]
[EventDate "2022.10.05"]
[EventType "tourn"]
[EventRounds "5"]
[EventCountry "CAN"]

1. e4 e5 2. Nf3 Nc6 3. Bc4 Bc5 4. c3 Nf6 5. d3 O-O 6. O-O d5 7. exd5 Nxd5 8. h3
Bf5 9. Re1 Re8 10. d4 Nb6 11. Bxf7+ Kxf7 12. Ng5+ Kg8 13. Qb3+ Qd5 14. dxc5
Qxb3 15. axb3 Nd5 16. b4 a5 17. b5 Nb8 18. g4 Bc2 19. Na3 Bb3 20. c4 Nb4 21.
Re3 Bc2 22. Bd2 Bg6 23. f4 Nd7 24. f5 Bf7 25. Ne4 Nf6 26. Bc3 Rad8 27. g5 Nh5
28. b3 Nf4 29. Bxb4 axb4 30. Nc2 Bh5 31. Nxb4 Rd4 32. Nc2 Rd3 33. Rxd3 Nxd3 34.
Ne1 Nf4 35. h4 Rd8 36. Kf2 Bd1 37. Ra3 Nd3+ 38. Nxd3 Rxd3 39. Ra8+ Kf7 40. Rc8
Rf3+ 41. Kg2 Rxf5 42. Rxc7+ Kg6 43. Nd6 Rf4 44. c6 bxc6 45. b6 Rg4+ 46. Kf2
Rxh4 47. Rxg7+ Kxg7 48. Nf5+ 1-0

[Event "Mercredi 2022.10.05 ABCD"]
[Site "Montreal CAN"]
[Date "2022.10.12"]
[Round "2"]
[White "Sekki, Abderaouf"]
[Black "Baran, Marius"]
[Result "1-0"]
[WhiteElo "1881"]
[BlackElo "1722"]
[PlyCount "123"]
[EventDate "2022.10.05"]
[EventType "tourn"]
[EventRounds "5"]
[EventCountry "CAN"]

1. d4 Nf6 2. c4 e6 3. Nf3 b6 4. g3 Ba6 5. Qc2 Bb4+ 6. Nbd2 Bb7 7. Bg2 O-O 8.
O-O d5 9. Ne5 Nbd7 10. Ndf3 c5 11. a3 Ba5 12. Bg5 Qc7 13. Bf4 Qc8 14. Qa4 dxc4
15. Nxc4 Bc6 16. Qd1 Qa6 17. Qc2 Bd5 18. Nd6 b5 19. dxc5 Bd8 20. b4 Nh5 21. Ng5
g6 22. Bxd5 exd5 23. Nh3 Nxf4 24. Nxf4 Bf6 25. Ra2 Qc6 26. Rd1 d4 27. Qe4 Qxe4
28. Nxe4 Bg7 29. e3 Ne5 30. exd4 Nf3+ 31. Kg2 Nxd4 32. Nd5 Nc6 33. Nc7 Rab8 34.
Nd6 Rfd8 35. Rad2 a5 36. Ndxb5 Rxd2 37. Rxd2 axb4 38. axb4 Nxb4 39. Nd6 Nc6 40.
Ra2 Bd4 41. Rc2 Kf8 42. Nd5 Rb2 43. Rxb2 Bxb2 44. Kf3 Bd4 45. Nb7 Ke8 46. Nb6
f5 47. h3 Ke7 48. Ke2 Ke6 49. f3 g5 50. Kd3 h5 51. Nd8+ Nxd8 52. Kxd4 Nc6+ 53.
Ke3 Nb4 54. Kd4 Nc6+ 55. Ke3 Nb4 56. f4 gxf4+ 57. gxf4 h4 58. Kd4 Nc2+ 59. Kc4
Ne3+ 60. Kb5 Nd5 61. Nxd5 Kxd5 62. Kb6 1-0

[Event "Mercredi 2022.10.05 ABCD"]
[Site "Montreal CAN"]
[Date "2022.10.12"]
[Round "2"]
[White "Singher, Jean-Pierre"]
[Black "Barko, Maxim"]
[Result "0-1"]
[WhiteElo "1977"]
[BlackElo "1925"]
[PlyCount "68"]
[EventDate "2022.10.05"]
[EventType "tourn"]
[EventRounds "5"]
[EventCountry "CAN"]

1. d4 Nf6 2. c4 g6 3. h4 c5 4. d5 b5 5. cxb5 a6 6. b6 d6 7. Nc3 Nbd7 8. e4 Bg7
9. Be2 h6 10. h5 g5 11. a4 Qxb6 12. a5 Qc7 13. Nf3 Rb8 14. Qc2 Rb4 15. Bd2 Nxe4
16. Nb5 Rxb5 17. Bxb5 Nxd2 18. Bxd7+ Bxd7 19. Nxd2 Qb7 20. Qe4 Bb5 21. Rh3 Bxb2
22. Rb1 Bf6 23. Nc4 Qc7 24. Rf3 Kf8 25. Nb6 Kg7 26. Rg3 c4 27. Kf1 Qc5 28. Kg1
Be5 29. Rf3 Rf8 30. g4 Qd4 31. Rxf7+ Rxf7 32. Qg6+ Kf8 33. Nd7+ Bxd7 34. Rb8+
Be8 0-1

[Event "Mercredi 2022.10.05 ABCD"]
[Site "Montreal CAN"]
[Date "2022.10.12"]
[Round "2"]
[White "Toenz, Antoine"]
[Black "Batorshyn, Ilia"]
[Result "1/2-1/2"]
[WhiteElo "2052"]
[BlackElo "2080"]
[PlyCount "116"]
[EventDate "2022.10.05"]
[EventType "tourn"]
[EventRounds "5"]
[EventCountry "CAN"]

1. e4 c6 2. d4 d5 3. e5 Bf5 4. h4 h6 5. g4 Bd7 6. Be3 e6 7. f4 c5 8. dxc5 Qc7
9. Nf3 Bxc5 10. Bxc5 Qxc5 11. Qd2 Ne7 12. Nc3 h5 13. gxh5 Rxh5 14. Bd3 a6 15.
O-O-O Nbc6 16. Rdg1 g6 17. Ng5 Nd4 18. Nce4 dxe4 19. Nxe4 Qb6 20. Nf6+ Kd8 21.
Be4 Rxh4 22. Rxh4 Nb3+ 23. axb3 Qxg1+ 24. Qd1 Qxd1+ 25. Kxd1 Kc7 26. Nxd7 Rd8
27. Rh7 Rxd7+ 28. Ke2 Nf5 29. Kf3 Nd4+ 30. Kg3 Ne2+ 31. Kf3 Nd4+ 32. Kg3 b5 33.
Kh4 f5 34. Rxd7+ Kxd7 35. Bb7 a5 36. Kg5 Ke7 37. Kxg6 Nxc2 38. Kg5 Nd4 39. Ba6
b4 40. Bc4 Nf3+ 41. Kg6 Nd2 42. Be2 Nxb3 43. Bd1 Nc5 44. b3 Nd3 45. Kg5 Kd7 46.
Bc2 Nc5 47. Kf6 a4 48. bxa4 b3 49. Bd1 b2 50. Bc2 Kc6 51. Ke7 Kd5 52. a5 Na6
53. Kd7 Nb8+ 54. Kc7 Na6+ 55. Kd7 Nc5+ 56. Ke7 Na6 57. Kd7 Nc5+ 58. Kc7 Na6+
1/2-1/2

[Event "Mercredi 2022.10.05 ABCD"]
[Site "Montreal CAN"]
[Date "2022.10.12"]
[Round "2"]
[White "Tremblay, Alain"]
[Black "Leveille, Francois"]
[Result "0-1"]
[WhiteElo "2164"]
[BlackElo "2325"]
[PlyCount "86"]
[EventDate "2022.10.05"]
[EventType "tourn"]
[EventRounds "5"]
[EventCountry "CAN"]

1. d3 d5 2. Nf3 Nf6 3. Nbd2 c5 4. e4 Nc6 5. Be2 e6 6. O-O Be7 7. Re1 O-O 8. Bf1
Qc7 9. c3 b6 10. a3 Rb8 11. g3 e5 12. exd5 Nxd5 13. Nc4 Bf6 14. Bg2 Bf5 15. Nh4
Be6 16. Nf3 Rbd8 17. Qe2 Rfe8 18. Bg5 Bf5 19. Rad1 h6 20. Bxf6 Nxf6 21. Ne3 Bh7
22. Nh4 Nd4 23. cxd4 exd4 24. Nd5 Rxe2 25. Nxc7 Bxd3 26. Rxe2 Bxe2 27. Rd2 Bc4
28. Nf3 Ne4 29. Rd1 Be2 30. Re1 d3 31. Nb5 f5 32. Nc3 Nxc3 33. bxc3 d2 34. Nxd2
Rxd2 35. a4 Rd1 36. Rxd1 Bxd1 37. Bc6 Kf7 38. Kf1 Ke6 39. Ke1 Kd6 40. Be8 Bf3
41. Bf7 Bd5 42. Bg6 Ke5 43. Kd2 Bc6 0-1

[Event "Mercredi 2022.10.05 ABCD"]
[Site "Montreal CAN"]
[Date "2022.10.19"]
[Round "3"]
[White "Adam, Rafael"]
[Black "Cardin, Guillaume"]
[Result "1-0"]
[WhiteElo "2216"]
[BlackElo "2133"]
[PlyCount "82"]
[EventDate "2022.10.05"]
[EventType "tourn"]
[EventRounds "5"]
[EventCountry "CAN"]

1. d4 d5 2. c4 c6 3. Nf3 Nf6 4. e3 e6 5. b3 Ne4 6. Bd3 Bb4+ 7. Nbd2 Nd7 8. O-O
f5 9. Bb2 Qf6 10. Bxe4 fxe4 11. Ne5 O-O 12. f3 Nxe5 13. dxe5 Qh6 14. Qe2 Bxd2
15. Qxd2 exf3 16. gxf3 Rf5 17. f4 b6 18. cxd5 exd5 19. Rf3 Rh5 20. Rg3 Be6 21.
b4 c5 22. bxc5 bxc5 23. Rc1 Rc8 24. Qg2 g6 25. Ba3 c4 26. Bb2 Rb8 27. Bc3 Kf7
28. Rd1 Rb5 29. Qf2 Qf8 30. e4 Qe7 31. f5 gxf5 32. Qg2 Qf8 33. exd5 Qc5+ 34.
Kf1 Bxd5 35. e6+ Kxe6 36. Qe2+ Be4 37. Qxh5 Bd3+ 38. Kg2 Qc6+ 39. Kh3 f4 40.
Qh6+ Bg6 41. Rxg6+ hxg6 1-0

[Event "Mercredi 2022.10.05 ABCD"]
[Site "Montreal CAN"]
[Date "2022.10.19"]
[Round "3"]
[White "Allaire, Denis"]
[Black "Sekki, Abderaouf"]
[Result "0-1"]
[WhiteElo "1727"]
[BlackElo "1881"]
[PlyCount "54"]
[EventDate "2022.10.05"]
[EventType "tourn"]
[EventRounds "5"]
[EventCountry "CAN"]

1. e4 d6 2. d4 Nf6 3. Nc3 Nbd7 4. f4 e5 5. dxe5 dxe5 6. fxe5 Nxe5 7. Qxd8+ Kxd8
8. Bg5 c6 9. Nf3 Bd6 10. O-O-O Ke7 11. Be2 h6 12. Bh4 Ng6 13. Rxd6 Nxh4 14.
Rxf6 Nxg2 15. Rg1 gxf6 16. Rxg2 Be6 17. Nd4 Rhg8 18. Rf2 Rg1+ 19. Kd2 Rag8 20.
Nxe6 fxe6 21. Bf3 e5 22. Ne2 Rd8+ 23. Kc3 Rg7 24. Ng3 Ke6 25. Nf5 Rh7 26. Bh5
b5 27. Rd2 b4+ 0-1

[Event "Mercredi 2022.10.05 ABCD"]
[Site "Montreal CAN"]
[Date "2022.10.19"]
[Round "3"]
[White "Baran, Marius"]
[Black "Beaulieu, Pierre"]
[Result "1/2-1/2"]
[WhiteElo "1722"]
[BlackElo "1850"]
[PlyCount "96"]
[EventDate "2022.10.05"]
[EventType "tourn"]
[EventRounds "5"]
[EventCountry "CAN"]

1. d4 Nf6 2. c4 c5 3. d5 b5 4. cxb5 a6 5. bxa6 Bxa6 6. Nc3 d6 7. e4 Bxf1 8.
Kxf1 g6 9. Nf3 Nbd7 10. g3 Bg7 11. Kg2 O-O 12. Re1 Qb8 13. a4 Ng4 14. Ra3 Nge5
15. Nxe5 Nxe5 16. Nb5 Nc4 17. Ra2 Nb6 18. b3 c4 19. Bb2 cxb3 20. Qxb3 Bxb2 21.
Rxb2 Nxa4 22. Rbb1 Rc8 23. Nd4 Qxb3 24. Rxb3 Nc5 25. Rbe3 f6 26. f4 Ra2+ 27.
R1e2 Rca8 28. Kf3 Rxe2 29. Rxe2 Ra3+ 30. Re3 Ra1 31. h4 h5 32. Nc6 Kf8 33. Rc3
Rd1 34. Ra3 Rd3+ 35. Rxd3 Nxd3 36. Ke3 Nc5 37. e5 f5 38. Nd4 Kf7 39. Nf3 Ne4
40. Ng5+ Nxg5 41. hxg5 dxe5 42. fxe5 Ke8 43. e6 Kd8 44. Kf4 Kc7 45. Ke5 Kc8 46.
d6 Kd8 47. d7 Kc7 48. Kf4 Kd8 1/2-1/2

[Event "Mercredi 2022.10.05 ABCD"]
[Site "Montreal CAN"]
[Date "2022.10.19"]
[Round "3"]
[White "Barko, Maxim"]
[Black "Di Matteo, Alessio"]
[Result "1-0"]
[WhiteElo "1925"]
[BlackElo "1973"]
[PlyCount "43"]
[EventDate "2022.10.05"]
[EventType "tourn"]
[EventRounds "5"]
[EventCountry "CAN"]

1. e4 c5 2. Nf3 e6 3. g3 a6 4. Bg2 Qc7 5. O-O b5 6. d3 Bb7 7. Qe2 d6 8. c3 Nf6
9. Nh4 Nbd7 10. f4 Be7 11. f5 e5 12. Na3 Rc8 13. c4 Qc6 14. Bd2 O-O 15. g4 Nb6
16. g5 Nfd7 17. f6 gxf6 18. Nf5 Bd8 19. Qh5 fxg5 20. Qh6 Bf6 21. Bxg5 d5 22.
exd5 1-0

[Event "Mercredi 2022.10.05 ABCD"]
[Site "Montreal CAN"]
[Date "2022.10.19"]
[Round "3"]
[White "Beaudry, Marc-Andre"]
[Black "Batorshyn, Ilia"]
[Result "0-1"]
[WhiteElo "2033"]
[BlackElo "2080"]
[PlyCount "54"]
[EventDate "2022.10.05"]
[EventType "tourn"]
[EventRounds "5"]
[EventCountry "CAN"]

1. e4 c5 2. Nf3 e6 3. d4 cxd4 4. Nxd4 Nf6 5. Nc3 Nc6 6. Nxc6 bxc6 7. e5 Nd5 8.
Ne4 Qc7 9. f4 Qb6 10. c4 Bb4+ 11. Ke2 f5 12. exf6 Nxf6 13. Be3 Qa5 14. Nxf6+
gxf6 15. Kf2 O-O 16. a3 Bc5 17. b4 Bxe3+ 18. Kxe3 Qc7 19. c5 a5 20. Bc4 Kh8 21.
Qd3 e5 22. f5 Rd8 23. Rad1 axb4 24. axb4 d5 25. cxd6 Qb6+ 26. Ke2 Qxb4 27. Be6
Ba6 0-1